Políticas sociales urbanas /
Enregistré dans:
| Auteur principal: | |
|---|---|
| Format: | Texte |
| Langue: | Spanish |
| Sujets: | |
| Tags: |
Ajouter un tag
Pas de tags, Soyez le premier à ajouter un tag!
|
MARC
| LEADER | 00000 a a2200000 04500 | ||
|---|---|---|---|
| 001 | 310 | ||
| 003 | cru CIDCACS/IIS | ||
| 005 | 20230321160739.0 | ||
| 008 | 191007b ||||| |||| 00| 0 spa d | ||
| 040 | |c cru CIDCACS/IIS | ||
| 100 | 1 | |a Arana, Mariano |9 8646 | |
| 245 | 1 | |a Políticas sociales urbanas / |c Mariano Arana | |
| 300 | |a páginas 12-14 | ||
| 650 | 0 | |a POLITICA SOCIAL |9 289 | |
| 650 | 0 | |a ZONAS URBANAS |9 744 | |
| 650 | 0 | |a CULTURA |9 126 | |
| 650 | 4 | |a POLITICA GUBERNAMENTAL |9 3253 | |
| 650 | 0 | |a ESTADO |9 243 | |
| 650 | 0 | |a PARTICIPACION SOCIAL |9 2125 | |
| 650 | 0 | |a DESARROLLO SUSTENTABLE |9 4459 | |
| 773 | 0 | |0 42391 |9 3507 |a Agencia Latinoamericana de Información, ALAI |d Quito, Ecuador: ALAI |o 08315 |t ALAI: |x 08275564 | |
| 942 | |2 ddc |c PP | ||
| 999 | |c 42454 |d 42454 | ||
